000
00310 a2200121 4500
005
20250617173620.0
082
_a
320.531 LIO
245
_a
Socialism In Tanzania Vol.1 Politics.
260
_a
Nairobi,
_b
Aest African House,
_c
1972.
300
_a
346p.:.
_c
24cm.
700
_a
LIONEL, C. & JOHN S.
942
_2
ddc
_c
BKS
999
_c
292
_d
292